00623nam a2200181 a 45000010005000000030009000050080041000140400028000550820019000831000023001022450026001252600067001513000014002185000164002326500017003966500014004136500014004279268CO-ViMGA141112s2004 ck r 000 u spa d aCO-ViMGAbspacCO-ViMGA04a621.31042 L9331 aLuca M. ; Carlos, 10aMáquinas Electricas aMexico : brepresentaciones y servicios de ingenieria, c1968. a2v. : il. aV.1 Generadores, motores, amplifiacdores, y transformadores de corriente continua. V2 Alternadores, devanados, sincronos, convertidores, circuitos de carga.. 14aALTERNADORES14aCIRCUITOS14aDEVANADOS